000 00278nam a2200121Ia 4500
008 190216s9999||||xx |||||||||||||| ||und||
100 _aMuhammed Hasrayel Ansari
245 0 _aHindi-Achala
260 _bKoshik Prakashan
_c2006
300 _a112
650 _aHindi
942 _cBK
999 _c16490
_d16490